000 00622cam a22002411 4500
001 sa 65005180
003 DLC
005 20260227112136.0
008 891030s1964 ii ab b 000 0 hino
010 _asa 65005180
035 _a(OCoLC)20572730
040 _aDLC
_cWaU
_dDLC
042 _apremarc
043 _aa-ii---
050 0 0 _aQE295
_b.N4
100 1 _aNegi, Balbir Singh.
245 1 0 _aBhārata kā bhaugār-bhika-adhyayana.
260 _c[1964]
300 _a23, 460 p.
_billus., maps (part. fold.)
_c26 cm.
500 _aIn Hindi.
504 _aBibliographical footnotes.
650 0 _aGeology
_zIndia.
999 _c64167
_d64167